Las dificultades en el aprendizaje : estudio de la red básica de comunicación científica a través del social sciences citation index (Record no. 66051)
[ view plain ]
| 000 -CABECERA | |
|---|---|
| campo de control de longitud fija | 00705nam a2200205 a 4500 |
| 005 - FECHA Y HORA DE LA ÚLTIMA TRANSACCIÓN | |
| campo de control | 20210219153014.0 |
| 008 - ELEMENTOS DE LONGITUD FIJA--INFORMACIÓN GENERAL | |
| campo de control de longitud fija | 991125n 000 0 spa u |
| 035 ## - NÚMERO DE CONTROL DEL SISTEMA | |
| Número de control de sistema | UPN01000072689 |
| 100 1# - ASIENTO PRINCIPAL--NOMBRE PERSONAL | |
| Nombre de persona | Alfaro Rocher, Ignacio 1952 |
| 222 ## - TÍTULO CLAVE | |
| Título clave | REVISTA ESPAÑOLA DE PEDAGOGIA |
| 245 ## - MENCIÓN DE TÍTULO | |
| Título | Las dificultades en el aprendizaje : estudio de la red básica de comunicación científica a través del social sciences citation index |
| 300 ## - DESCRIPCIÓN FÍSICA | |
| Extensión | 237-254 |
| 362 0# - FECHAS DE PUBLICACIÓN Y/O DESIGNACIÓN SECUENCIAL | |
| Fecha de publicación y/o designación secuencial | 1985 Año 43, no. 168, abr.-jun. |
| 653 0# - TERMINO DE INDIZACION - NO CONTROLADO | |
| Término no controlado | BIBLIOMETRIA |
| 653 0# - TERMINO DE INDIZACION - NO CONTROLADO | |
| Término no controlado | REVISTAS CIENTIFICAS |
| 653 0# - TERMINO DE INDIZACION - NO CONTROLADO | |
| Término no controlado | SOCIAL SCIENCES CITATION INDEX |
| 700 1# - ASIENTO SECUNDARIO--NOMBRE DE PERSONAL | |
| Nombre de persona | Pérez Boullosa, Alfredo, 1957 |
| Término indicativo de función/relación | coaut. |
| 904 ## - ELEMENTOS DE DATOS D LOCAL, LDD (RLIN) | |
| a | AC |
| b | 010500 |
| 905 ## - TIPO DE MATERIAL | |
| Tipo de material | Articulo |
No items available.
